Las huelgas : (Record no. 126376)

MARC details
000 -LEADER
campo de control de longitud fija 01276nam a2200277 i 4500
001 - NÚMERO DE CONTROL
campo de control 126376
003 - IDENTIFICADOR DE NÚMERO DE CONTROL
campo de control ES-MaACL
005 - FECHA Y HORA DE LA ÚLTIMA TRANSACCIÓN
campo de control 20260108124235.0
007 - CAMPO FIJO DE DESCRIPCIÓN FÍSICA--INFORMACIÓN GENERAL
campo de control de longitud fija t|
008 - DATOS DE LONGITUD FIJA--INFORMACIÓN GENERAL
campo de control de longitud fija 070214q1903 sp r ||||1| spa d
100 1# - ENTRADA PRINCIPAL--NOMBRE DE PERSONA
Nombre de persona Renault, Charles.
9 (RLIN) 172876
245 14 - MENCIÓN DEL TÍTULO
Título Las huelgas :
Resto del título su historia y toda la legislación actual de Europa y América /
Mención de responsabilidad, etc. Carlos Renault ; versión española seguida de un apéndice sobre las últimas huelgas en España y el extranjero por Rafael Urbano.
260 ## - PUBLICACIÓN, DISTRIBUCIÓN, ETC.
Lugar de publicación, distribución, etc. Madrid :
Nombre del editor, distribuidor, etc. B. Rodríguez Serra,
Fecha de publicación, distribución, etc. [1903?] (
Fabricante Imp. de Felipe Marqués)
300 ## - DESCRIPCIÓN FÍSICA
Extensión 341 p. ;
Dimensiones 22 cm.
490 1# - MENCIÓN DE SERIE
Mención de serie Biblioteca de filosofía sociológica ;
Designación de volumen o secuencia 3
505 8# - NOTA DE CONTENIDO CON FORMATO
Nota de contenido con formato Primera parte: Sustancias de las huelgas . Segunda parte: Legislación sobre las huelgas . Apéndice: Las huelgas españolas
530 ## - NOTA DISPONIBLE DE FORMULARIO FÍSICO ADICIONAL
Nota de formato físico adicional disponible Disponible en formato digital.
586 ## - NOTA DE PREMIOS
Nota de premios Obra premiada por la Academia francesa de Ciencias Morales y Políticas
650 #4 - PUNTO DE ACCESO ADICIONAL DE MATERIA--TÉRMINO DE MATERIA
Término de materia o nombre geográfico como elemento de entrada Huelgas.
9 (RLIN) 13489
700 1# - ENTRADA AGREGADA--NOMBRE PERSONAL
Nombre de persona Urbano, Rafael,
Fechas asociadas al nombre 1870-1924
9 (RLIN) 112074
830 1# - PUNTO DE ACCESO ADICIONAL DE SERIE-TÍTULO UNIFORME
Título uniforme Biblioteca de filosofía sociológica ;
Designación de volumen o secuencia 3
9 (RLIN) 219109
852 ## - LOCALIZACIÓN
Ubicación ES-MaACL
Número de control de estantería B-3526
Ubicación en estantería Sala Pardo Bazán
856 4# - LOCALIZACIÓN Y ACCESO ELECTRÓNICOS
Identificador Uniforme de Recursos <a href="http://bdh-rd.bne.es/viewer.vm?id=0000225378&page=1 ">http://bdh-rd.bne.es/viewer.vm?id=0000225378&page=1 </a>
Texto de enlace (Biblioteca Digital Hispánica)
942 ## - ELEMENTOS DE ENTRADA SECUNDARIOS (KOHA)
Fuente del sistema de clasificación o colocación Clasificación decimal universal
Holdings
Estatus retirado Estado de pérdida Estado de daño No para préstamo Colección Biblioteca de origen Biblioteca actual Ubicación en estantería Fecha de adquisición Fuente de adquisición Total de préstamos Signatura topográfica completa Código de barras Visto por última vez Precio de reemplazo Tipo de ítem Koha
        Colección digital Biblioteca del Ateneo de Madrid Biblioteca del Ateneo de Madrid Sala Pardo Bazán 17/01/2008     B-3526 1131626 23/02/2023 23/02/2023 Libro impreso